| 000 | 003320000a22001330004500 | ||
|---|---|---|---|
| 003 | MACL | ||
| 040 | _aMACL | ||
| 090 |
_c33638 _d33636 |
||
| 100 | _aDiwan, Dr Parag | ||
| 245 | _aI P T Derectory of Managment Education In India | ||
| 260 | _bAll India Management Association | ||
| 650 | _aGeneral management | ||
| 942 |
_cBOOK _k658/Par |
||
| 999 |
_c33287 _d33287 |
||